000
00336nam a2200157Ia 4500
100
_a
Dey/Pradip/ Ghosh/Manas
650
_a
C Programming
942
_c
BK
366
_f
25
245
_a
Programming in C
260
_b
Oxford Higher Education
_c
2011
082
_b
DEY
300
_a
547
546
_a
ENGLISH
_c
Computers
999
_c
21041
_d
21041